<?xml version="1.0" encoding="UTF-8"?>
<record
    xmlns:xsi="http://www.w3.org/2001/XMLSchema-instance"
    xsi:schemaLocation="http://www.loc.gov/MARC21/slim http://www.loc.gov/standards/marcxml/schema/MARC21slim.xsd"
    xmlns="http://www.loc.gov/MARC21/slim">

  <leader>00836nam a22001577a 4500</leader>
  <datafield tag="999" ind1=" " ind2=" ">
    <subfield code="c">515314</subfield>
    <subfield code="d">515314</subfield>
  </datafield>
  <controlfield tag="008">210121b           ||||| |||| 00| 0 eng d</controlfield>
  <datafield tag="100" ind1=" " ind2=" ">
    <subfield code="a">Ahuja, Anil. </subfield>
    <subfield code="9">23633</subfield>
  </datafield>
  <datafield tag="245" ind1=" " ind2=" ">
    <subfield code="a">Ostracising the ghost of namka chu: Defending Kameng </subfield>
  </datafield>
  <datafield tag="260" ind1=" " ind2=" ">
    <subfield code="a">U.S.I. Journal  </subfield>
  </datafield>
  <datafield tag="300" ind1=" " ind2=" ">
    <subfield code="a">150(621), Jul-Sep, 2020: p. 271-287</subfield>
  </datafield>
  <datafield tag="520" ind1=" " ind2=" ">
    <subfield code="a">This article briefly recapitulates the 1962 war operations in the Kameng Sector to bring out the suggested manner in which operations should be conducted against the People&#x2019;s Liberation Army (PLA), should a need arise in the present time. Such a threat from the PLA is very real keeping in mind present tensions on the Line of Actual Control (LAC).- Reproduced </subfield>
  </datafield>
  <datafield tag="650" ind1=" " ind2=" ">
    <subfield code="a">1962 war, Kameng sector, Line of actual control (LAC)</subfield>
    <subfield code="9">23634</subfield>
  </datafield>
  <datafield tag="773" ind1=" " ind2=" ">
    <subfield code="a">U.S.I. Journal  </subfield>
  </datafield>
  <datafield tag="906" ind1=" " ind2=" ">
    <subfield code="a">DEFENCE </subfield>
  </datafield>
  <datafield tag="942" ind1=" " ind2=" ">
    <subfield code="c">AR</subfield>
  </datafield>
  <datafield tag="952" ind1=" " ind2=" ">
    <subfield code="0">0</subfield>
    <subfield code="1">0</subfield>
    <subfield code="2">ddc</subfield>
    <subfield code="4">0</subfield>
    <subfield code="7">0</subfield>
    <subfield code="9">389379</subfield>
    <subfield code="a">IIPA</subfield>
    <subfield code="b">IIPA</subfield>
    <subfield code="d">2021-01-21</subfield>
    <subfield code="h">150(621), Jul-Sep, 2020: p. 271-287</subfield>
    <subfield code="p">AR123858</subfield>
    <subfield code="r">2021-01-21</subfield>
    <subfield code="y">AR</subfield>
  </datafield>
</record>
